[Event "Lukavac op 8th"]
[White "Colpa, Husein"]
[Black "Mahmutbegovic, Muharem"]
[Site "Lukavac"]
[Round "5"]
[Result "0-1"]
[Date "2019.11.24"]
[WhiteElo "1798"]
[BlackElo "2042"]
[PlyCount "52"]
[EventDate "2019.11.22"]
[EventType "swiss"]
[EventRounds "7"]
[EventCountry "BIH"]
[SourceTitle "CBM 193 Extra"]
[Source "ChessBase"]
[SourceDate "2020.01.31"]
[SourceVersion "1"]
[SourceVersionDate "2020.01.31"]
[SourceQuality "1"]

1. c4 Nf6 2. Nc3 g6 3. d4 Bg7 4. e4 d6 5. Nf3 0-0 6. h3 Nc6 7. Be3 e5 8. d5 Nd4 9. Nxd4 exd4 10. Bxd4 Re8 11. f3 Nh5 12. Ne2 f5 13. exf5 Bxd4 14. Qxd4 Ng3 15. Rh2 Nxf5 16. Qf4 Ne3 17. Kd2 Qe7 18. g4 Qg7 19. Qd4 Nxf1+ 20. Rxf1 Rxe2+ 21. Kd3 Qxd4+ 22. Kxd4 Rxh2 23. b4 Bd7 24. a3 Re8 25. c5 Ree2 26. cxd6 cxd6 0-1

[Event "Sarajevo Bosna op 49th"]
[White "Colpa, Husein"]
[Black "Lapo, Safet"]
[Site "Sarajevo"]
[Round "9"]
[Result "0-1"]
[Date "2019.05.03"]
[WhiteElo "1854"]
[BlackElo "1770"]
[PlyCount "86"]
[EventDate "2019.04.27"]
[EventType "swiss"]
[EventRounds "9"]
[EventCountry "BIH"]
[SourceTitle "CBM 190 Extra"]
[Source "ChessBase"]
[SourceDate "2019.07.15"]
[SourceVersion "1"]
[SourceVersionDate "2019.07.15"]
[SourceQuality "1"]

1. e4 d5 2. exd5 Qxd5 3. Nc3 Qd8 4. Nf3 Nf6 5. d4 Bf5 6. Bc4 e6 7. Bg5 Be7 8. 0-0 c6 9. a4 a5 10. Re1 0-0 11. h3 h6 12. Bf4 Bd6 13. Qd2 Bxf4 14. Qxf4 Bxc2 15. g4 Nd5 16. Qd2 Bg6 17. Ne5 Kh7 18. f4 Nd7 19. Rad1 Nxe5 20. Rxe5 Qb6 21. Kh2 Qb4 22. Bxd5 cxd5 23. g5 hxg5 24. Rxg5 f6 25. Rg3 Rac8 26. Qe2 Bf5 27. Qg2 Rf7 28. Rg1 Rcc7 29. Qf2 Rc4 30. Rd1 Qb3 31. Rd2 Qb4 32. Nd1 Qxd2 33. Qxd2 Rc2 34. Qxc2 Bxc2 35. Nc3 Rc7 36. Nb5 Rc4 37. Rc3 Bxa4 38. Rxc4 dxc4 39. Nd6 b5 40. Kg3 Kg8 41. Nb7 b4 42. Nxa5 c3 43. bxc3 bxc3 0-1

[Event "Sarajevo Bosna op 49th"]
[White "Colpa, Husein"]
[Black "Hadziabdic, Nadja"]
[Site "Sarajevo"]
[Round "2"]
[Result "1-0"]
[Date "2019.04.28"]
[WhiteElo "1854"]
[BlackElo "1102"]
[PlyCount "81"]
[EventDate "2019.04.27"]
[EventType "swiss"]
[EventRounds "9"]
[EventCountry "BIH"]
[SourceTitle "CBM 190 Extra"]
[Source "ChessBase"]
[SourceDate "2019.07.15"]
[SourceVersion "1"]
[SourceVersionDate "2019.07.15"]
[SourceQuality "1"]

1. d4 Nf6 2. c4 g6 3. Nc3 Bg7 4. Nf3 d6 5. e4 0-0 6. h3 e5 7. dxe5 dxe5 8. Qc2 Nc6 9. Be3 Nd4 10. Qd1 Nxf3+ 11. Qxf3 Ne8 12. g4 Nd6 13. c5 Ne8 14. Rd1 Bd7 15. Bc4 Qc8 16. Nd5 Qd8 17. h4 c6 18. Bg5 f6 19. Nxf6+ Kh8 20. Nxd7 Qa5+ 21. Qc3 Qxc3+ 22. bxc3 Rf3 23. h5 gxh5 24. gxh5 Rxc3 25. Bb3 h6 26. Be3 Rd8 27. Ke2 Kh7 28. Nf8+ Bxf8 29. Rxd8 Bxc5 30. Bd2 Rxb3 31. axb3 Nf6 32. f3 b5 33. Be3 Bxe3 34. Kxe3 c5 35. Rd6 Ne8 36. Rd7+ Ng7 37. Rg1 Kg8 38. Rgxg7+ Kf8 39. Rxa7 c4 40. Rgb7 cxb3 41. Rb8# 1-0

[Event "Sarajevo Bosna op 48th"]
[White "Colpa, Husein"]
[Black "Mahmutagic, Mevlida"]
[Site "Sarajevo"]
[Round "3"]
[Result "0-1"]
[Date "2018.05.06"]
[WhiteElo "1922"]
[BlackElo "1538"]
[PlyCount "76"]
[EventDate "2018.05.05"]
[EventType "swiss"]
[EventRounds "9"]
[EventCountry "BIH"]
[SourceTitle "CBM 184 Extra"]
[Source "ChessBase"]
[SourceDate "2018.06.28"]
[SourceVersion "1"]
[SourceVersionDate "2018.06.28"]
[SourceQuality "1"]

1. e4 c5 2. Nf3 d6 3. Nc3 Nf6 4. h3 e5 5. d3 h6 6. g4 Be7 7. Be3 Nc6 8. Qd2 Nd4 9. Nh2 Nd7 10. Bg2 Bg5 11. Nd5 Nb6 12. 0-0 Bd7 13. c3 Nxd5 14. cxd4 Nxe3 15. fxe3 cxd4 16. Kh1 Rc8 17. Qb4 Bxe3 18. Qxd6 Qe7 19. Qd5 Bc6 20. Qb3 0-0 21. Rf3 Qe6 22. Qa3 Bb5 23. Rf5 a6 24. Raf1 f6 25. h4 g6 26. R5f3 Rc2 27. g5 hxg5 28. hxg5 Bxg5 29. Bh3 Qc6 30. Ng4 Kg7 31. Nxe5 Qc7 32. Ng4 Bd7 33. Nf2 Bxh3 34. Rxh3 Bc1 35. Rh7+ Kxh7 36. Qxf8 Qf4 37. Kg2 Qg4+ 38. Kh2 Bf4+ 0-1

[Event "Sarajevo Bosna op 47th"]
[White "Sutkovic, Damir"]
[Black "Colpa, Husein"]
[Site "Sarajevo"]
[Round "1"]
[Result "1-0"]
[Date "2017.05.13"]
[WhiteElo "2317"]
[BlackElo "1904"]
[PlyCount "103"]
[EventDate "2017.05.13"]
[EventType "swiss"]
[EventRounds "9"]
[EventCountry "BIH"]
[SourceTitle "CBM 178 Extra"]
[Source "ChessBase"]
[SourceDate "2017.06.22"]
[SourceVersion "1"]
[SourceVersionDate "2017.06.22"]
[SourceQuality "1"]

1. d4 Nf6 2. c4 c5 3. d5 e5 4. Nc3 d6 5. e4 g6 6. Be2 Bg7 7. g4 h5 8. g5 Nh7 9. Nf3 0-0 10. Rg1 Bd7 11. Be3 Na6 12. Nh4 Nc7 13. Bxh5 b5 14. Be2 bxc4 15. Bxc4 Rb8 16. Qe2 Qe8 17. Nf3 a6 18. a4 Rb4 19. b3 Qa8 20. Nd2 Rfb8 21. h4 Qb7 22. Rg3 Qc8 23. Kf1 Qe8 24. h5 gxh5 25. Qxh5 Nf8 26. Rc1 f5 27. Qxe8 Rxe8 28. exf5 Bxf5 29. Nde4 Rd8 30. Rf3 Bg6 31. Kg2 Ne8 32. Rh1 Rb7 33. Ng3 Rdd7 34. Nce4 Rf7 35. Rxf7 Kxf7 36. Rb1 a5 37. Bd2 Ra7 38. Re1 Nd7 39. Bb5 Bf8 40. Bxa5 Rxa5 41. Bxd7 Ke7 42. Bf5 Bf7 43. Nc3 Nc7 44. Be4 Ra8 45. g6 Bg8 46. Nf5+ Kf6 47. g7 Be7 48. Rh1 Ne8 49. Rh6+ Kf7 50. Nb5 Rd8 51. Re6 Rd7 52. Nh6+ 1-0

[Event "Sarajevo Bosna op 46th"]
[White "Colpa, Husein"]
[Black "Demic, Aleksandar"]
[Site "Sarajevo"]
[Round "7"]
[Result "1-0"]
[Date "2016.06.01"]
[WhiteElo "1926"]
[BlackElo "1727"]
[PlyCount "51"]
[EventDate "2016.05.28"]
[EventType "swiss"]
[EventRounds "9"]
[EventCountry "BIH"]
[SourceTitle "EXT 2019"]
[Source "ChessBase"]
[SourceDate "2018.10.10"]
[SourceVersion "1"]
[SourceVersionDate "2018.10.10"]
[SourceQuality "1"]

1. Nf3 Nf6 2. c4 e6 3. d4 Bb4+ 4. Nc3 b6 5. Qb3 Qe7 6. Bg5 c5 7. e3 h6 8. Bh4 Bb7 9. Be2 g5 10. Bg3 Ne4 11. Rd1 Na6 12. a3 Bxc3+ 13. bxc3 h5 14. h4 g4 15. Ne5 d6 16. Qa4+ Kd8 17. Nc6+ Bxc6 18. Qxc6 Rc8 19. Qxe4 f5 20. Qf4 cxd4 21. Qxd4 e5 22. Bxe5 Rh6 23. Bf4 Rg6 24. Bg5 Rxg5 25. hxg5 Rc6 26. Rxh5 1-0

[Event "Sarajevo Bosna op 45th"]
[White "Colpa, Husein"]
[Black "Bogdanovic, Rajko"]
[Site "Sarajevo"]
[Round "8"]
[Result "1-0"]
[Date "2015.06.04"]
[WhiteElo "1932"]
[BlackElo "2268"]
[PlyCount "121"]
[EventDate "2015.05.30"]
[EventType "swiss"]
[EventRounds "9"]
[EventCountry "BIH"]
[SourceTitle "CBM 166 Extra"]
[Source "ChessBase"]
[SourceDate "2015.06.18"]
[SourceVersion "1"]
[SourceVersionDate "2015.06.18"]
[SourceQuality "1"]

1. Nf3 Nf6 2. c4 g6 3. Nc3 d5 4. d4 Bg7 5. cxd5 Nxd5 6. e4 Nxc3 7. bxc3 c5 8. Be3 0-0 9. Be2 Nc6 10. Qd2 Qa5 11. Rd1 Rd8 12. 0-0 Bg4 13. Qb2 Rab8 14. h3 Bxf3 15. gxf3 cxd4 16. cxd4 e5 17. dxe5 Bxe5 18. Qb3 Nd4 19. Bxd4 Bxd4 20. f4 b5 21. Rd3 Qb6 22. Kg2 a6 23. h4 Qf6 24. Rfd1 Bb6 25. Kg3 Rxd3+ 26. Rxd3 Bd8 27. h5 Qh4+ 28. Kg2 Bb6 29. hxg6 hxg6 30. Rg3 Qf6 31. f5 Kf8 32. fxg6 Qxf2+ 33. Kh3 Ke7 34. Qxf7+ Qxf7 35. gxf7 Kxf7 36. Rg5 Be3 37. Bh5+ Kf6 38. Rf5+ Ke7 39. Kg4 a5 40. Kf3 Bc1 41. Rc5 Ba3 42. Rc6 Bd6 43. Bg4 Rf8+ 44. Bf5 a4 45. Ra6 Bc5 46. Kf4 Rd8 47. e5 Rd2 48. Re6+ Kd8 49. Rc6 Bb4 50. Be6 Ke7 51. Bg4 Ba5 52. Rh6 Rd4+ 53. Kf3 Rf4+ 54. Kg3 Be1+ 55. Kh3 b4 56. Rh7+ Rf7 57. Rh6 Rf4 58. Rb6 Bc3 59. Rb7+ Kf8 60. e6 Be5 61. e7+ 1-0

[Event "Sarajevo Bosna op 45th"]
[White "Markoja, Boris"]
[Black "Colpa, Husein"]
[Site "Sarajevo"]
[Round "1"]
[Result "1-0"]
[Date "2015.05.30"]
[WhiteElo "2372"]
[BlackElo "1932"]
[PlyCount "99"]
[EventDate "2015.05.30"]
[EventType "swiss"]
[EventRounds "9"]
[EventCountry "BIH"]
[SourceTitle "CBM 166 Extra"]
[Source "ChessBase"]
[SourceDate "2015.06.18"]
[SourceVersion "1"]
[SourceVersionDate "2015.06.18"]
[SourceQuality "1"]

1. c4 e5 2. g3 Nf6 3. Bg2 Nc6 4. Nf3 d5 5. cxd5 Nxd5 6. Nc3 Nxc3 7. bxc3 Be7 8. 0-0 0-0 9. d4 exd4 10. cxd4 Bg4 11. d5 Nb4 12. Ne5 Bc8 13. a3 Na6 14. Rb1 Nc5 15. Qc2 a5 16. Rb5 Nd7 17. Nc4 a4 18. Rd1 Ra6 19. Bf4 Bd6 20. Nxd6 cxd6 21. Rc1 Re8 22. Be3 b6 23. Qc7 Nc5 24. Qxd8 Rxd8 25. Bf4 f6 26. Rb4 g5 27. Be3 Bd7 28. Rc3 Re8 29. Bf1 Kf7 30. Bd4 Ra5 31. e3 Rb8 32. f3 f5 33. Be2 h5 34. h3 g4 35. hxg4 hxg4 36. fxg4 fxg4 37. Rc1 Ke7 38. Bb2 Kd8 39. Rf1 Kc7 40. Rf7 Rg8 41. e4 Rg5 42. Bf6 Rg6 43. e5 dxe5 44. Bxe5+ Kc8 45. Bf4 b5 46. Rb2 Na6 47. Bd3 Rg8 48. Rc2+ Kd8 49. Bh7 b4 50. Bxg8 1-0

[Event "Sarajevo Bosna op-B 44th"]
[White "Mahmutbegovic, Muharem"]
[Black "Colpa, Husein"]
[Site "Sarajevo"]
[Round "9"]
[Result "0-1"]
[Date "2014.06.06"]
[WhiteElo "1682"]
[BlackElo "1902"]
[PlyCount "98"]
[EventDate "2014.05.30"]
[EventType "swiss"]
[EventRounds "9"]
[EventCountry "BIH"]
[SourceTitle "CBM 160 Extra"]
[Source "ChessBase"]
[SourceDate "2014.07.01"]
[SourceVersion "1"]
[SourceVersionDate "2014.07.01"]
[SourceQuality "1"]

1. e4 c5 2. Nf3 Nc6 3. d4 cxd4 4. Nxd4 e6 5. Nc3 a6 6. Be2 Bb4 7. 0-0 Bxc3 8. bxc3 Nge7 9. Ba3 0-0 10. Nxc6 bxc6 11. Qd6 Re8 12. Rfd1 Ng6 13. Bh5 Nh8 14. e5 Qg5 15. Bf3 Ng6 16. Bxc6 Ra7 17. Bc5 Nxe5 18. Bxa7 Nxc6 19. Be3 Qf5 20. Qd3 Qf6 21. Rab1 h5 22. Re1 d5 23. Rb6 Ne7 24. Bd4 Qh6 25. c4 dxc4 26. Qxc4 Qd2 27. Reb1 e5 28. Be3 Qd7 29. Bc5 Nf5 30. Rb8 Re6 31. Qd3 Qc7 32. Qxf5 Qxc5 33. Qd3 Qc7 34. Qf5 Qc5 35. Qd3 Rc6 36. Rd1 g6 37. Qb3 Kg7 38. Qd5 Qxd5 39. Rxd5 Rxc2 40. h3 Be6 41. Ra5 Kf6 42. Rb6 Rc1+ 43. Kh2 Rc2 44. f3 g5 45. Raxa6 g4 46. fxg4 hxg4 47. h4 Rc3 48. Rb3 g3+ 49. Kg1 Rc1# 0-1

[Event "BIH-chT 12th"]
[White "Saric, Ibro"]
[Black "Colpa, Husein"]
[Site "Sarajevo"]
[Round "7.5"]
[Result "1-0"]
[Date "2013.06.21"]
[WhiteElo "2572"]
[BlackElo "1952"]
[PlyCount "85"]
[EventDate "2013.06.15"]
[EventType "team-tourn"]
[EventRounds "9"]
[EventCountry "BIH"]
[SourceTitle "CBM 155 Extra"]
[Source "ChessBase"]
[SourceDate "2013.08.26"]
[SourceVersion "1"]
[SourceVersionDate "2013.08.26"]
[SourceQuality "1"]
[WhiteTeam "Sarajevo Bosna"]
[BlackTeam "Sarajevo Zeljeznicar"]
[WhiteTeamCountry "BIH"]
[BlackTeamCountry "BIH"]

1. d4 d5 2. c4 c6 3. Nf3 Nf6 4. e3 e6 5. b3 Be7 6. Bd3 c5 7. 0-0 Nc6 8. Bb2 Nb4 9. Be2 a5 10. Nc3 0-0 11. Ne5 cxd4 12. exd4 Nc6 13. Bf3 Nb4 14. a3 Na6 15. Rc1 Nc7 16. Re1 Bd6 17. Na4 Nce8 18. c5 Bc7 19. Nc3 Bd7 20. b4 Qb8 21. b5 b6 22. c6 Bc8 23. a4 Bd6 24. Qb3 Ra7 25. Ba3 Qc7 26. Be2 h6 27. Bd3 Qe7 28. Bxd6 Qxd6 29. Re3 Qb4 30. Qd1 Nh7 31. Ne2 f5 32. Ng6 Rf6 33. Rb1 Qd6 34. Nef4 Nf8 35. Ne5 g5 36. Nh5 Rff7 37. Nxf7 Rxf7 38. g4 fxg4 39. Qxg4 Qc7 40. Qg3 Nd6 41. h4 Qd8 42. hxg5 Rf5 43. gxh6+ 1-0

[Event "BIH-chT 12th"]
[White "Jovovic, Milan"]
[Black "Colpa, Husein"]
[Site "Sarajevo"]
[Round "6.2"]
[Result "0-1"]
[Date "2013.06.20"]
[WhiteElo "1879"]
[BlackElo "1952"]
[PlyCount "112"]
[EventDate "2013.06.15"]
[EventType "team-tourn"]
[EventRounds "9"]
[EventCountry "BIH"]
[SourceTitle "CBM 155 Extra"]
[Source "ChessBase"]
[SourceDate "2013.08.26"]
[SourceVersion "1"]
[SourceVersionDate "2013.08.26"]
[SourceQuality "1"]
[WhiteTeam "Sarajevo Slavija"]
[BlackTeam "Sarajevo Zeljeznicar"]
[WhiteTeamCountry "BIH"]
[BlackTeamCountry "BIH"]

1. d4 Nf6 2. c4 e6 3. Nc3 d5 4. Bg5 Be7 5. e3 Nbd7 6. Nf3 c6 7. Bd3 dxc4 8. Bxc4 b5 9. Bd3 Bb7 10. 0-0 a6 11. Qe2 c5 12. Rfd1 Qb6 13. Ne5 Rd8 14. Nxd7 Rxd7 15. dxc5 Qxc5 16. Bh4 g5 17. Bg3 h5 18. Rac1 Qb6 19. Be5 Rh6 20. Nxb5 Qd8 21. Nc7+ Kf8 22. Nxa6 Qa5 23. Bc3 Qxa2 24. Bb4 Bxb4 25. Nxb4 Qa8 26. f3 g4 27. f4 h4 28. f5 exf5 29. Bxf5 Re7 30. Rd4 h3 31. Rcd1 Qa5 32. Bxg4 hxg2 33. Nd3 Qg5 34. Re1 Be4 35. Nf2 Rh4 36. h3 Bc6 37. b4 Nd5 38. Ne4 Qe5 39. Qxg2 Nf6 40. Rd8+ Ne8 41. Rd4 Bxe4 42. Qf2 Rh6 43. Qf4 Rf6 44. Qxe5 Rxe5 45. Rc1 Rb6 46. Rc8 Bg6 47. Kf2 Kg7 48. Ke2 Nd6 49. Rc5 Re7 50. Kd2 Ne4+ 51. Ke2 Nxc5 52. bxc5 Rb2+ 53. Kd1 Rxe3 54. c6 Rc3 55. Bd7 Rcc2 56. Ke1 Rh2 0-1

[Event "Sarajevo Bosna op-B 43rd"]
[White "Demic, Aleksandar"]
[Black "Colpa, Husein"]
[Site "Sarajevo"]
[Round "2"]
[Result "1/2-1/2"]
[Date "2013.06.02"]
[WhiteElo "1580"]
[BlackElo "1952"]
[PlyCount "113"]
[EventDate "2013.06.01"]
[EventType "swiss"]
[EventRounds "9"]
[EventCountry "BIH"]
[SourceTitle "CBM 154 Extra"]
[Source "ChessBase"]
[SourceDate "2013.06.25"]
[SourceVersion "2"]
[SourceVersionDate "2013.06.25"]
[SourceQuality "1"]

1. e4 c5 2. Nf3 Nc6 3. d4 cxd4 4. Nxd4 e5 5. Nb5 d6 6. N1c3 a6 7. Na3 Be6 8. Bc4 Nf6 9. Bg5 b5 10. Bd5 Rc8 11. Bxc6+ Rxc6 12. Nd5 h6 13. Bxf6 gxf6 14. c3 f5 15. Nb4 Rb6 16. exf5 Bxf5 17. Nd5 Rb8 18. Qf3 Be6 19. Nf6+ Ke7 20. Nh5 f5 21. Nc2 Kf7 22. g4 Qg5 23. gxf5 Qxf5 24. Qxf5+ Bxf5 25. Ne3 Bg6 26. Ng3 h5 27. Rd1 h4 28. Ngf1 a5 29. Ke2 Bh5+ 30. f3 e4 31. Nd2 exf3+ 32. Nxf3 Re8 33. Kf2 Rh6 34. Rd5 Bxf3 35. Kxf3 Re5 36. Rxe5 dxe5 37. Ng4 Rh5 38. Ke4 Ke6 39. Rd1 Rf5 40. h3 Rf4+ 41. Ke3 Bc5+ 42. Ke2 b4 43. cxb4 Rxb4 44. b3 a4 45. Kd3 axb3 46. axb3 Rf4 47. Rc1 Bd4 48. Rh1 Kd5 49. Ne3+ Kc5 50. Rc1+ Kb4 51. Ng4 Rf3+ 52. Ke4 Rxh3 53. Nxe5 Bb2 54. Rc8 Rh1 55. Nf3 h3 56. Rc2 Rb1 57. Rh2 1/2-1/2

[Event "Sarajevo Bosna op-B 43rd"]
[White "Colpa, Husein"]
[Black "Konjicanin, Muris"]
[Site "Sarajevo"]
[Round "1"]
[Result "0-1"]
[Date "2013.06.01"]
[WhiteElo "1952"]
[BlackElo "2286"]
[PlyCount "98"]
[EventDate "2013.06.01"]
[EventType "swiss"]
[EventRounds "9"]
[EventCountry "BIH"]
[SourceTitle "CBM 154 Extra"]
[Source "ChessBase"]
[SourceDate "2013.06.25"]
[SourceVersion "2"]
[SourceVersionDate "2013.06.25"]
[SourceQuality "1"]

1. e4 e6 2. Nf3 d5 3. Nc3 Be7 4. d4 Nf6 5. Bd3 c5 6. Bb5+ Nc6 7. e5 Nd7 8. Bxc6 bxc6 9. 0-0 Rb8 10. Re1 Ba6 11. b3 Qa5 12. Bd2 Qc7 13. Bg5 Qd8 14. h4 h6 15. Bxe7 Qxe7 16. g3 cxd4 17. Qxd4 Qb4 18. a3 Qxd4 19. Nxd4 c5 20. Nf3 Ke7 21. g4 d4 22. Ne4 d3 23. b4 dxc2 24. Rec1 Bd3 25. Ned2 cxb4 26. Ne1 Nxe5 27. f4 b3 28. Nxb3 Rxb3 29. fxe5 Rc8 30. Kf2 Be4 31. Ra2 Rb1 32. Rcxc2 Bxc2 33. Nxc2 Rcb8 34. Nb4 Rb6 35. Rc2 a5 36. Nc6+ Kd7 37. Nxa5 R6b2 38. Rxb2 Rxb2+ 39. Ke3 Rg2 40. Kf4 Rc2 41. Ke4 Rc3 42. a4 Ra3 43. Nc4 Rxa4 44. Kd3 Rxc4 45. Kxc4 Kc6 46. Kd4 Kb5 47. Kd3 g5 48. hxg5 hxg5 49. Kd4 Kb4 0-1